000 00716nas a2200229 4500
001 BR9605607
003 BR-BrBNA
005 20231205094916.0
007 ta
008 230509b bl.|||p| |||| 00| 00por d
040 _aBR-BrBNA
_bpor
_cBiblioteca Nacional de Agricultura
041 _a(Pt)
072 _aH20
100 1 _aRodrigues Neto, J.
100 1 _aMalavolta Junior, V.A.
245 1 _aDoencas causadas por bacterias em cruciferas
650 _aHortalica
650 _aBacteria
773 0 _tInforme Agropecuario - Empresa de Pesquisa Agropecuaria de Minas Gerais (Brazil)
_xISSN 0100-3364
_g(1995), v. 17(183) p. 56-59
_wBR9605607
909 _a202311
_bLúcia
_c55
_dLúcia Elande
942 _2AGRIS
_n0
_cANA
999 _c147671
_d147671